|
|
|
|
| LEADER |
00000csc a2200000 a 4500 |
| 001 |
85727 |
| 005 |
20230308211940.0 |
| 008 |
000000|1980 ||||||||r|||||||||||spa|| |
| 020 |
|
|
|a 8403520352
|
| 040 |
|
|
|b spa
|
| 041 |
1 |
|
|a spa
|
| 082 |
0 |
|
|a 198
|
| 100 |
1 |
|
|a Kierkegaard, Sören
|9 292254
|
| 245 |
|
|
|a Mi Punto de vista
|c Sören Kierkegaard; trad. de José Miguel Velloso, pról. de José Antonio Miguez
|h imp
|
| 250 |
|
|
|a 5a ed., abr.
|
| 264 |
|
|
|a Buenos Aires
|b Aguilar
|c 1980
|
| 300 |
|
|
|a 169 páginas:
|c 19 cm
|
| 490 |
|
|
|a Biblioteca de Iniciación Filosófica
|
| 650 |
1 |
|
|a Kierkegaard soren
|
| 650 |
1 |
|
|a Filosofia de la estetica
|9 292255
|
| 650 |
1 |
|
|a Estetica y filosofia
|9 292256
|
| 852 |
|
|
|a UC-CDJBV
|c PRIMER PISO
|f Compra
|k rocio.campoverde
|l 1
|m General
|p 00000000
|q 2,920
|r 2
|t 85727
|b 0
|d CDRC
|e CDRC
|g 198 PRIMER PISO
|z 0000-00-00
|
| 942 |
|
|
|
| 999 |
|
|
|c 120423
|d 120423
|